Concrete truths (Record no. 76170)
[ view plain ]
| 000 -LEADER | |
|---|---|
| fixed length control field | 00824cab a2200169 4500 |
| 001 - CONTROL NUMBER | |
| control field | ##L131568 |
| 008 - FIXED-LENGTH DATA ELEMENTS--GENERAL INFORMATION | |
| fixed length control field | 051116n2005 000 0 eng u |
| 035 ## - SYSTEM CONTROL NUMBER | |
| System control number | (Sirsi) u131568 |
| 041 0# - LANGUAGE CODE | |
| Language code of text/sound track or separate title | eng |
| 245 00 - TITLE STATEMENT | |
| Title | Concrete truths |
| 260 ## - PUBLICATION, DISTRIBUTION, ETC. | |
| Date of publication, distribution, etc. | 2005 |
| 490 #0 - SERIES STATEMENT | |
| Series statement | Construction Manager |
| Volume/sequential designation | November/December 2005, 23-25(2) |
| 520 ## - SUMMARY, ETC. | |
| Summary, etc. | Discusses prominent buildings effected by concrete deterioration, the limitations of present life-prediction models, attribution of responsibility for defects, the future of concrete structures, intelligent monitoring and the use of real-time monitoring devices, monitoring in other industries, aim of the study, and how contractors can assist. |
| 590 ## - LOCAL NOTE (RLIN) | |
| Local note | IKA221105 |
| 690 ## - LOCAL SUBJECT ADDED ENTRY--TOPICAL TERM (OCLC, RLIN) | |
| Topical term or geographic name as entry element | BUILT ENVIRONMENT-BUILDING MATERIALS-CEMENTITIOUS, CONCRETE AND MINERAL BOUND MATERIALS-CONCRETE |
| 942 ## - ADDED ENTRY ELEMENTS (KOHA) | |
| Suppress in OPAC | 0 |
| Withdrawn status | Lost status | Source of classification or shelving scheme | Damaged status | Not for loan | Home library | Current library | Shelving location | Date acquired | Total Checkouts | Full call number | Barcode | Date last seen | Copy number | Price effective from | Koha item type |
|---|---|---|---|---|---|---|---|---|---|---|---|---|---|---|---|
| Dewey Decimal Classification | London | London | Journal article | 16/11/2005 | L131568 | 131568-1001 | 06/08/2019 | 1 | 06/08/2019 | Journal article |